|
|
|
|
| LEADER |
00000cam a2200000 7i4500 |
| 001 |
0000006491 |
| 005 |
20000208.0 |
| 040 |
|
|
|a INS
|
| 090 |
0 |
0 |
|a S8
|
| 245 |
0 |
0 |
|a Seminar on Research Management (1987 Jan 19-22:Kuala Lumpur) (Working papers)
|
| 999 |
|
|
|a S000000023
|b BOOK
|c Seminar
|e Default branch
|
| 999 |
|
|
|a S000000040
|b BOOK
|c Seminar
|e Default branch
|
| 999 |
|
|
|a S000000041
|b BOOK
|c Seminar
|e Default branch
|
| 999 |
|
|
|a S000000042
|b BOOK
|c Seminar
|e Default branch
|
| 999 |
|
|
|a S000000043
|b BOOK
|c Seminar
|e Default branch
|
| 999 |
|
|
|a S000000044
|b BOOK
|c Seminar
|e Default branch
|
| 999 |
|
|
|a S000000045
|b BOOK
|c Seminar
|e Default branch
|
| 999 |
|
|
|a S000000046
|b BOOK
|c Seminar
|e Default branch
|
| 999 |
|
|
|a S000000047
|b BOOK
|c Seminar
|e Default branch
|
| 999 |
|
|
|a S000000048
|b BOOK
|c Seminar
|e Default branch
|
| 999 |
|
|
|a S000000074
|b BOOK
|c Seminar
|e Default branch
|
| 999 |
|
|
|a S000000664
|b BOOK
|c Seminar
|e Default branch
|
| 999 |
|
|
|a S000000665
|b BOOK
|c Seminar
|e Default branch
|
| 999 |
|
|
|a S000000666
|b BOOK
|c Seminar
|e Default branch
|
| 999 |
|
|
|a S000000667
|b BOOK
|c Seminar
|e Default branch
|
| 999 |
|
|
|a S000000668
|b BOOK
|c Seminar
|e Default branch
|
| 999 |
|
|
|a S000000669
|b BOOK
|c Seminar
|e Default branch
|
| 999 |
|
|
|a S000000670
|b BOOK
|c Seminar
|e Default branch
|
| 999 |
|
|
|a S000000671
|b BOOK
|c Seminar
|e Default branch
|